[Event "AUTO-MASTER-3301"]
[Site "http://www.queenalice.com/game.php?id=1871826"]
[Date "2026.4.11"]
[Round "1"]
[White "cerenzo72"]
[Black "josebaron"]
[Result "1/2-1/2"]
[WhiteElo "2124"]
[BlackElo "2137"]

1. b3 e5 2. Bb2 Nc6 3. e3 Bc5 4. Bb5 d5 5. Bxc6+ bxc6 6. Bxe5 Nf6 7. d4 Bd6 8.
Bxd6 cxd6 9. Nd2 O-O 10. h3 Ne4 11. Ne2 Nxd2 12. Qxd2 a5 13. O-O Qg5 14. Ng3 h5
15. Kh2 h4 16. Ne2 f5 17. f4 Qg6 18. Qe1 Ba6 19. Rg1 Bxe2 20. Qxe2 Rf6 21. g3
hxg3+ 22. Rxg3 Qh6 1/2-1/2

[Event "AUTO-MASTER-3301"]
[Site "http://www.queenalice.com/game.php?id=1871827"]
[Date "2026.4.11"]
[Round "1"]
[White "josebaron"]
[Black "cerenzo72"]
[Result "1-0"]
[WhiteElo "2137"]
[BlackElo "2124"]

1. e4 e5 2. Nf3 d6 3. Be2 Nf6 4. Nc3 Be7 5. O-O Nc6 6. Re1 O-O 7. h3 Be6 8. d4
exd4 9. Nxd4 Nxd4 10. Qxd4 c5 11. Qd1 a6 12. Bg5 b5 13. a3 b4 14. axb4 cxb4 15.
Bxf6 Bxf6 16. Nd5 Bxb2 17. Rxa6 Rxa6 18. Bxa6 Qa5 19. Bc4 Qc5 20. Bb3 Bd4 21.
Rf1 Ra8 22. h4 h6 23. Qd2 Kh7 24. Rd1 Bg4 25. Qxd4 Bxd1 26. Qxd1 Re8 27. Qf3 Qd4
28. Qxf7 Qe5 29. Nf6+ 1-0

[Event "AUTO-OPEN-4648"]
[Site "http://www.queenalice.com/game.php?id=1871958"]
[Date "2026.4.15"]
[Round "1"]
[White "Fauquinelle"]
[Black "josebaron"]
[Result "1/2-1/2"]
[WhiteElo "2032"]
[BlackElo "2219"]

1. d4 d5 2. Nf3 Nf6 3. c4 dxc4 4. e3 Bg4 5. Bxc4 e6 6. h3 Bh5 7. b3 Bb4+ 8. Bd2
Bxf3 9. Qxf3 Bxd2+ 10. Nxd2 O-O 11. Qxb7 Nbd7 12. O-O Nb6 13. Bb5 Qd5 14. Bc6
Qa5 15. Ne4 Nxe4 16. Bxe4 Nd5 1/2-1/2

[Event "AUTO-OPEN-4648"]
[Site "http://www.queenalice.com/game.php?id=1871959"]
[Date "2026.4.15"]
[Round "1"]
[White "josebaron"]
[Black "Fauquinelle"]
[Result "0-1"]
[WhiteElo "2201"]
[BlackElo "1995"]

1. e4 c6 2. Nf3 d5 3. exd5 cxd5 4. Bb5+ Bd7 5. Bxd7+ Qxd7 6. d4 Nc6 7. O-O g6 8.
c3 Bg7 9. Re1 Nf6 10. Bg5 h6 11. Bh4 O-O-O 12. Ne5 Nxe5 13. Rxe5 g5 14. Bg3 Ne4
15. Rxe4 dxe4 16. Nd2 f5 17. h3 e5 18. dxe5 Qxd2 19. Qa4 a6 20. e6 f4 21. Qc4+
Kb8 22. Bh2 e3 23. fxe3 Qxe3+ 0-1

[Event "AUTO-OPEN-4648"]
[Site "http://www.queenalice.com/game.php?id=1871986"]
[Date "2026.4.15"]
[Round "1"]
[White "chessman"]
[Black "josebaron"]
[Result "0-1"]
[WhiteElo "1994"]
[BlackElo "2154"]

1. e4 e5 2. Nf3 Nc6 3. Bc4 Bc5 4. O-O Nf6 5. Re1 Ng4 6. Rf1 O-O 7. h3 Nf6 8. Re1
d5 9. exd5 Nxd5 10. Nxe5 Be6 11. Nxc6 bxc6 12. c3 Qf6 13. d4 Bb6 14. Bb3 Nf4 15.
Bxf4 Qxf4 16. Bxe6 fxe6 17. Qe2 Rf6 18. Nd2 Raf8 19. Nf3 c5 20. dxc5 Bxc5 21.
Rad1 Rg6 22. Nd4 e5 23. Qxe5 Qxf2+ 0-1

[Event "AUTO-OPEN-4648"]
[Site "http://www.queenalice.com/game.php?id=1871987"]
[Date "2026.4.15"]
[Round "1"]
[White "josebaron"]
[Black "chessman"]
[Result "1/2-1/2"]
[WhiteElo "2161"]
[BlackElo "1984"]

1. e4 e6 2. Nf3 d5 3. exd5 exd5 4. d4 Nf6 5. Be2 Bd6 6. O-O O-O 7. Bg5 Re8 8.
Nc3 c6 9. h3 a6 10. Re1 Nbd7 11. Bd3 Nf8 12. Rxe8 Qxe8 13. Bxf6 gxf6 14. Nh4 Ng6
15. Qh5 Bf8 16. Kf1 Bg7 17. Re1 Qd8 18. Bf5 Bxf5 19. Nxf5 Qd7 20. a4 Re8 21.
Rxe8+ 1/2-1/2

[Event "Let's Play Chess!"]
[Site "http://www.queenalice.com/game.php?id=1872097"]
[Date "2026.4.18"]
[Round "-"]
[White "josebaron"]
[Black "Mlintz"]
[Result "1/2-1/2"]
[WhiteElo "2229"]
[BlackElo "1912"]

1. e4 e5 2. Nf3 Qe7 3. Nc3 c6 4. d4 d6 5. dxe5 dxe5 6. Bd3 g6 7. O-O Bg7 8. h3
Nf6 9. Bc4 O-O 10. Bg5 b5 11. Bb3 h6 12. Bh4 b4 13. Bxf6 Bxf6 14. Ne2 Ba6 15. c4
bxc3 16. bxc3 Rd8 17. Qc2 c5 18. c4 Bb7 19. Rad1 Nc6 20. Rxd8+ Rxd8 21. Rd1
Rxd1+ 22. Qxd1 Qd8 23. Ng3 Nd4 24. Kf1 Kg7 25. Qd3 a5 26. Ne2 Ba6 27. g3 Qc8 28.
Kg2 Qd7 29. Nc3 Bc8 30. Ng1 Bb7 31. Nd5 Bd8 32. Bd1 h5 33. h4 Bc8 34. Nf3 Qh3+
35. Kg1 f6 36. Nxd4 exd4 37. Qa3 Bg4 38. Nf4 Qxg3+ 39. fxg3 1/2-1/2

[Event "Challenge"]
[Site "http://www.queenalice.com/game.php?id=1872284"]
[Date "2026.4.22"]
[Round "-"]
[White "josebaron"]
[Black "jenyasm"]
[Result "1-0"]
[WhiteElo "2204"]
[BlackElo "1688"]

1. e4 e5 2. Nf3 Nc6 3. Bb5 d6 4. Bxc6+ bxc6 5. d4 exd4 6. Nxd4 c5 7. Nf3 h6 8.
O-O Nf6 9. Re1 Bb7 10. e5 dxe5 11. Rxe5+ Be7 12. Qe2 Ng4 13. Rxc5 O-O 14. Rc3
Bf6 15. Rd3 Qc8 16. Nc3 Ba6 17. Ne4 Bxd3 18. cxd3 Qe6 19. Nxf6+ Qxf6 20. h3 Nxf2
21. Qxf2 Qb6 22. Be3 Qxb2 23. Qxb2 Rfe8 24. Kf2 a6 25. Qb7 1-0

[Event "AUTO-MASTER-3303"]
[Site "http://www.queenalice.com/game.php?id=1872341"]
[Date "2026.4.23"]
[Round "1"]
[White "arvo1938"]
[Black "josebaron"]
[Result "1/2-1/2"]
[WhiteElo "2195"]
[BlackElo "2176"]

1. f4 d5 2. Nf3 Nf6 3. e3 Bg4 4. c4 dxc4 5. Bxc4 e6 6. Nc3 Be7 7. O-O O-O 8. h3
Bxf3 9. Qxf3 c6 10. d4 Re8 11. Ne4 Nxe4 12. Qxe4 Bf6 13. Bd2 Nd7 14. f5 e5 15.
d5 Nb6 16. Bb3 cxd5 17. Qg4 Nc4 18. Bxc4 dxc4 19. Bc3 b5 20. a4 a6 21. axb5 axb5
22. Qe4 Rxa1 23. Rxa1 Qd3 24. Ra8 Rxa8 25. Qxa8+ Qd8 26. Qb7 Qe8 27. Kf2 h5 28.
Kg3 g6 29. fxg6 fxg6 30. Kf3 Bg7 31. Ke4 Qf8 32. Kd5 b4 33. Bxb4 Qf2 34. Kxc4
Qxe3 35. Bc3 Qf4+ 36. Kb3 Qf5 37. Qd5+ Kh7 38. Ka3 1/2-1/2

[Event "AUTO-MASTER-3303"]
[Site "http://www.queenalice.com/game.php?id=1872342"]
[Date "2026.4.23"]
[Round "1"]
[White "josebaron"]
[Black "arvo1938"]
[Result "0-1"]
[WhiteElo "2192"]
[BlackElo "2182"]

1. e4 c5 2. Nf3 d6 3. Bb5+ Bd7 4. Bxd7+ Nxd7 5. O-O Ngf6 6. d3 e6 7. c4 Be7 8.
Nc3 O-O 9. a4 a6 10. a5 Ng4 11. h3 Nge5 12. Nxe5 Nxe5 13. Ne2 Rb8 14. Bf4 Ng6
15. Bg3 b5 16. axb6 Qxb6 17. Rb1 Bf6 18. Nc3 Rfe8 19. f4 Qb3 20. Qd2 Bxc3 21.
bxc3 Qxb1 22. Rxb1 Rxb1+ 23. Kf2 Reb8 24. Kf3 R8b2 25. Qe3 Rf1+ 26. Kg4 Rxg2 0-1

[Event "AUTO-OPEN-4649"]
[Site "http://www.queenalice.com/game.php?id=1872444"]
[Date "2026.4.25"]
[Round "1"]
[White "josebaron"]
[Black "chessman"]
[Result "1/2-1/2"]
[WhiteElo "2191"]
[BlackElo "2022"]

1. e4 e6 2. Nf3 d5 3. exd5 exd5 4. d4 Nf6 5. Bd3 Be7 6. O-O O-O 7. c4 dxc4 8.
Bxc4 a6 9. Nc3 c6 10. a4 Nd5 11. Nxd5 cxd5 12. Bb3 Nc6 13. Ne5 Bf6 14. Nxc6 bxc6
15. a5 Be6 16. Bd2 Bxd4 17. Bc3 Bxc3 18. bxc3 1/2-1/2

[Event "AUTO-OPEN-4649"]
[Site "http://www.queenalice.com/game.php?id=1872445"]
[Date "2026.4.25"]
[Round "1"]
[White "chessman"]
[Black "josebaron"]
[Result "0-1"]
[WhiteElo "2032"]
[BlackElo "2184"]

1. e4 e5 2. Nf3 Nc6 3. Bb5 d6 4. d4 exd4 5. Nxd4 Bd7 6. O-O Be7 7. Re1 Nf6 8.
Nc3 Ne5 9. Bxd7+ Nexd7 10. h3 h6 11. f4 O-O 12. Qf3 c6 13. e5 dxe5 14. fxe5 Nxe5
15. Rxe5 Qxd4+ 16. Re3 Bc5 0-1

[Event "AUTO-OPEN-4649"]
[Site "http://www.queenalice.com/game.php?id=1872446"]
[Date "2026.4.25"]
[Round "1"]
[White "josebaron"]
[Black "EdsonEstevam"]
[Result "1-0"]
[WhiteElo "2183"]
[BlackElo "1800"]

1. e4 e5 2. Nf3 Nc6 3. Bb5 Nf6 4. Bxc6 bxc6 5. d3 Be7 6. Nxe5 Bd6 7. Nf3 O-O 8.
O-O Re8 9. Bg5 h6 10. Bh4 Bf4 11. Nc3 d5 12. exd5 g5 13. Bg3 Bxg3 14. fxg3 g4
15. Nh4 h5 16. dxc6 Qd6 17. Qd2 Ba6 18. Qh6 Re5 19. Rxf6 Qe7 20. Nf5 Qc5+ 21. d4
Qxd4+ 22. Nxd4 Rae8 23. Nf5 Rxf5 24. Rxf5 Re6 25. Qxh5 Re7 26. Rg5+ 1-0

[Event "AUTO-OPEN-4649"]
[Site "http://www.queenalice.com/game.php?id=1872447"]
[Date "2026.4.25"]
[Round "1"]
[White "EdsonEstevam"]
[Black "josebaron"]
[Result "0-1"]
[WhiteElo "1725"]
[BlackElo "2174"]

1. e4 e5 2. Nf3 Nc6 3. Bc4 Bc5 4. O-O Nf6 5. Nc3 O-O 6. d3 d6 7. Bg5 h6 8. Bh4
Bg4 9. h3 Bxf3 10. Qxf3 Nd4 11. Qd1 c6 12. Ne2 Nxe2+ 13. Qxe2 d5 14. Bxf6 Qxf6
15. exd5 b5 16. Bb3 cxd5 17. Bxd5 Rab8 18. Rab1 Rfd8 19. Be4 b4 20. Rfc1 a5 21.
c3 bxc3 22. Rxc3 Bd4 23. Rc6 Rd6 24. Rxd6 Qxd6 25. b3 a4 26. Kh1 axb3 27. axb3
g6 28. Qg4 Bxf2 29. h4 h5 30. Qg5 Kg7 31. Rf1 Bd4 32. g4 Qd8 33. Qxd8 Rxd8 34.
gxh5 f5 35. Bf3 Rb8 36. Rb1 Rc8 37. b4 Rc3 38. Be2 Rc2 39. Bf1 Kh6 40. b5 Kxh5
41. b6 Kxh4 42. b7 Kg3 43. b8=Q Rh2# 0-1

[Event "AUTO-OPEN-4649"]
[Site "http://www.queenalice.com/game.php?id=1872448"]
[Date "2026.4.25"]
[Round "1"]
[White "josebaron"]
[Black "Capixabba789"]
[Result "1-0"]
[WhiteElo "2198"]
[BlackElo "1916"]

1. e4 e5 2. Nf3 d6 3. Bc4 Be7 4. d4 exd4 5. Qxd4 Nf6 6. O-O O-O 7. h3 Bd7 8. Bg5
Nc6 9. Qd3 Ne5 10. Nxe5 dxe5 11. Nc3 Bc6 12. Bxf6 Bxf6 13. Rad1 Qxd3 14. Rxd3
Rfd8 15. Rfd1 Rxd3 16. Rxd3 h6 17. Bb5 Bxb5 18. Nxb5 c6 19. Nd6 Rb8 20. a4 b6
21. Nc4 Kf8 22. Rd7 a5 23. Rd6 Rd8 24. Rxc6 Rd1+ 25. Kh2 Rf1 26. Kg3 Rc1 27. c3
1-0

[Event "AUTO-OPEN-4649"]
[Site "http://www.queenalice.com/game.php?id=1872449"]
[Date "2026.4.25"]
[Round "1"]
[White "Capixabba789"]
[Black "josebaron"]
[Result "1/2-1/2"]
[WhiteElo "1929"]
[BlackElo "2213"]

1. d4 d5 2. Nc3 Nf6 3. f4 e6 4. Nf3 Bb4 5. Bd2 O-O 6. e3 Bxc3 7. Bxc3 Nc6 8. Be2
a5 9. O-O Ne4 10. Bd2 f5 11. c3 Bd7 12. Ne5 Nxe5 13. fxe5 c5 14. a3 c4 15. Bf3
a4 16. Be1 b5 17. Bf2 Bc6 18. Qe1 g5 19. Bxe4 dxe4 1/2-1/2

[Event "AUTO-MASTER-3304"]
[Site "http://www.queenalice.com/game.php?id=1872702"]
[Date "2026.4.30"]
[Round "1"]
[White "josebaron"]
[Black "Capixabba789"]
[Result "1/2-1/2"]
[WhiteElo "2186"]
[BlackElo "1908"]

1. e4 e5 2. Nf3 d6 3. d4 exd4 4. Nxd4 Nf6 5. Bg5 Be7 6. Bxf6 Bxf6 7. Bc4 O-O 8.
O-O c5 9. Nf3 Bxb2 10. Nbd2 Bxa1 11. Qxa1 Nc6 12. a4 Be6 13. Bxe6 fxe6 14. c3 e5
15. Nc4 Ne7 16. Rd1 Rf6 17. Ncxe5 Qe8 18. Nc4 Ng6 19. Qa2 Qxe4 20. Nxd6+ Qe6 21.
Qxe6+ Rxe6 22. Nxb7 c4 23. Nd4 Rf6 24. Nc5 h6 25. g3 Ne5 26. Kg2 Raf8 27. f4 Ng4
28. Kf3 Nxh2+ 29. Kg2 Ng4 1/2-1/2

[Event "AUTO-MASTER-3304"]
[Site "http://www.queenalice.com/game.php?id=1872703"]
[Date "2026.4.30"]
[Round "1"]
[White "Capixabba789"]
[Black "josebaron"]
[Result "1/2-1/2"]
[WhiteElo "1919"]
[BlackElo "2178"]

1. d4 d5 2. Nc3 Nf6 3. f4 e6 4. Nf3 Bb4 5. Bd2 Bxc3 6. Bxc3 O-O 7. e3 Nc6 8. Bd3
Ne4 9. O-O Nxc3 10. bxc3 f5 11. Qe1 Ne7 12. Qg3 Ng6 13. Ng5 Rf6 14. Qh3 h6 15.
Nf3 c5 16. Ne5 Bd7 17. Rab1 c4 18. Be2 b5 19. Bh5 Nh8 20. a3 Be8 21. Bf3 a5 22.
Kf2 a4 23. Rg1 Qa5 24. Rb4 Nf7 25. g4 Qd8 26. Qg3 Kh7 1/2-1/2

[Event "AUTO-MASTER-3304"]
[Site "http://www.queenalice.com/game.php?id=1872704"]
[Date "2026.4.30"]
[Round "1"]
[White "josebaron"]
[Black "maurice916"]
[Result "1/2-1/2"]
[WhiteElo "2182"]
[BlackElo "1920"]

1. e4 c6 2. Nf3 d6 3. d4 Bg4 4. Be2 Nf6 5. Nc3 e6 6. O-O Be7 7. h3 Bh5 8. Nh2
Bxe2 9. Qxe2 Na6 10. Bg5 e5 11. dxe5 dxe5 12. Rfd1 Qc7 13. Bxf6 Bxf6 14. Ng4 Qe7
15. a3 O-O 16. Rd2 Rad8 17. Rxd8 Rxd8 18. Rd1 Nc7 19. Rxd8+ Qxd8 20. Kf1 1/2-1/2